| 000 | 00560nam a2200157Ia 4500 | ||
|---|---|---|---|
| 008 | 220214s9999 xx 000 0 und d | ||
| 022 | _a0035-953X | ||
| 245 | 0 | _aJOURNAL OF THE RUBBER RESEARCH INSTITUTE OF MALAYSIA | |
| 247 | _a1.Journal of the Rubber Research Institute of Malaya 2. Journal of Natural Rubber Research | ||
| 260 |
_bRubber Research Institute of Malaysia, Kuala Lumpur _aMalaysia |
||
| 310 | _aQ | ||
| 500 | _aEnding Volume & Year: 33, 1985 | ||
| 500 | _aMissing Volume: 24(4) | ||
| 500 | _aStarting Volume & Year: 24, 1974/76 | ||
| 942 | _cBJ | ||
| 999 |
_c8828 _d8828 |
||